000
00282nam a22001337a 4500
008
181219b xxu||||| |||| 00| 0 eng d
020
_a
9780805048377
041
_a
eng
080
_a
721
100
_a
45
101
_a
ARK
245
_a
Open House
_c
Merritt .I
942
_2
udc
_c
BK
999
_c
53485
_d
53485